000 01703nam0a2200361 i 4500
001 RU\NLR\bibl\2070143
005 20260406133343.0
010 _a9785353063803
_95000
021 _aRU
_b2013-62096
_94261
035 _a(nilc)RuMoRGB-006629154
035 _a(NLR Aleph) 002056502
090 _a4666396
_c4666396
100 _a20130812d2013 u y0rusy50 ca
101 1 _arus
_cger
102 _aRU
105 _aa zzzz|||||
200 1 _aЮный великан и другие сказки
_e[для детей до трех лет]
_fБратья Гримм
_gпер. с нем. Г. Петникова
_gхудож. А. Кукушкин, И. Петелина
210 _aМосква
_cРосмэн
_d2013
215 _a45, [2] с.
_cцв. ил.
_d22
225 1 _aСерия "Любимые сказки"
327 1 _aСодерж.: Юный великан; Русалка в пруду; Румпельштильцхен; Стоптанные туфельки
333 _a0+
700 1 _4070
_7ca
_8rus
_aГримм
_bВ. К.
_f1786-1859
_gВильгельм Карл
_9112035
_3RU\NLR\auth\772018
701 1 _4070
_7ca
_8rus
_aГримм
_bЯ.
_f1785-1863
_gЯкоб
_9112038
_3RU\NLR\auth\772021
702 1 _4040
_7ca
_8rus
_aКукушкин
_bА. И.
_cхудожник
_f1959-
_gАлександр Иванович
_978530
_3RU\NLR\auth\7795604
702 1 _4040
_7ca
_8rus
_aПетелина
_bИ. А.
_cхудожник
_f1964-
_gИрина Андреевна
_936108
_3RU\NLR\auth\7753175
801 0 _aRU
_bRuMoRKP
_c20130812
_gRCR
801 2 _aRU
_bРГБ
_c20130822
_grcr
801 1 _aRU
_bRuMoRKP
_c20130812
_2rusmarc
801 2 _aRU
_bNLR
_c20130909
_grcr
942 _cBOOK
980 _aNBR